Normal view
MARC view
- Bella L. Rivera
Entry Personal Name
001 - CONTROL NUMBER
- control field: 31956
003 - CONTROL NUMBER IDENTIFIER
- control field: OSt
005 - DATE AND TIME OF LATEST TRANSACTION
- control field: 20181004114831.0
008 - FIXED-LENGTH DATA ELEMENTS
- fixed length control field: 181004|| aca||aabn | a|a d
040 ## - CATALOGING SOURCE
- Original cataloging agency: OSt
100 ## - HEADING--PERSONAL NAME
- Personal name: Bella L. Rivera
